00487nam a2200145Ia 4500008004100000041000800041082001600049100001800065245004500083260003500128300003300163365000900196999001500205952012100220240624s9999 xx 000 0 und d aeng a658.402 HAN aHANNA DAVID P aDESIGNING ORGANIZATIONS FOR HIGH PERFORM c1988aNew YorkbAddison Wesley axviii, : 198 : p. : cm. ; 25 cb28 c5115d5115 00104070aIMTNbIMTNcRack 27-Bd2007-05-07eAPg32.00o658.402 HANp5115r2024-06-24 00:00:00t47w2024-06-24yBK